TRABAJO FAMILIAR, CONDUCTA REPRODUCTIVA Y ESTRATIFICACION SOCIAL: UN ESTUDIO EN LAS AREAS RURALES DE MEXICO/

INCLUYE BIBLIOGRAFIA

Gespeichert in:
Bibliographische Detailangaben
Weitere Verfasser: Zuñiga, Elena (autor) (autor)
Format: Buch
Schlagworte:
Tags: Tag hinzufügen
Keine Tags, Fügen Sie das erste Tag hinzu!

MARC

LEADER 00000nam^a2200000^a^4500
001 000224990
005 20250521000000.0
009 20260310104111.136
020 |a 968-824-106-7 
035 |a 043925 
037 |a Acervo Xavier Clavigero 
082 |a 302. 72 TRA 
245 1 0 |a TRABAJO FAMILIAR, CONDUCTA REPRODUCTIVA Y ESTRATIFICACION SOCIAL:  |b UN ESTUDIO EN LAS AREAS RURALES DE MEXICO/  |c ELENA ZUÑIGA ...[ ET. AL.] 
264 |a MEXICO :  |b IMSS, PROGRAMA DE INVESTIGACIONES SOCIALES SOBRE POBLACIONEN AMERICA LATINA,  |c 1986 
336 |a texto  |b txt  |2 rdacontenido 
337 |a sin mediación  |b n  |2 rdamedio 
338 |a volumen  |b nc  |2 rdasoporte 
520 |a INCLUYE BIBLIOGRAFIA 
649 |a XX 
650 |a POBLACION RURAL 
650 |a Clases Sociales 
700 |a Zuñiga, Elena  |e (autor) 
910 |a Fondo General 
920 |a Impresos - Libros 
930 |a Colección General 
905 |a 101 
901 |a 043925  |b IT1  |c ACC  |i 043925  |u 20250521 
902 |a https://opac.biblio.iteso.mx/vufind/Record/000224990